LEADER 01139nam0-22003611i-450 001 990007872390403321 005 20190618135746.0 010 $a88-7220-181-0 035 $a000787239 035 $aFED01000787239 035 $a(Aleph)000787239FED01 035 $a000787239 100 $a20040422d2003----km-y0itay50------ba 101 0 $aita 102 $aIT 105 $ay---j---001y- 200 1 $aAllevamenti a basso impatto ambientale$ele migliori tecniche disponibili per gli allevamenti avicoli e suinicoli intensivi$fGiuseppe Bonazzi, Claudio Fabbri, Laura Valli 210 $aVerona$cEd. L'Informatore Agrario$d2003 215 $aVIII, 89 p.$d30 cm 610 0 $aAllevamento animale 610 0 $aAvicoltura 610 0 $aSuini$aAllevamento 676 $a636.08 700 1$aBonazzi,$bGiuseppe$f<1932- >$088846 701 1$aFabbri,$bClaudio$0282228 701 1$aValli,$bLaura$0282229 801 0$aIT$bUNINA$gRICA$2UNIMARC 901 $aBK 912 $a990007872390403321 952 $a60 636.08 BONG 2003$b9257$fFAGBC 959 $aFAGBC 996 $aAllevamenti a basso impatto ambientale$9672979 997 $aUNINA LEADER 01375nam--2200373---450- 001 990006151980203316 005 20160613142738.0 010 $a88-87744-01-7 035 $a000615198 035 $aUSA01000615198 035 $a(ALEPH)000615198USA01 035 $a000615198 100 $a20160613d2002----km-y0itay50------ba 101 $aita 102 $aIT 105 $aa---||||001yy 200 1 $a<> pittura parietale in Macedonia e Magna Grecia$eatti del convegno internazionale di Studi in ricordo di Mario Napoli, Salerno-Paestum, 21-23 novembre 1996$fa cura di Angela Pontrandolfo 210 $aSalerno$cPandemos$dcopyr. 2002 215 $a158 p., [23] p. di tav,$cill.$d24 cm 300 $aIn testa al front.: Università degli Studi di Salerno, Dipartimento di Beni Culturali 606 0 $aDipinti murali$yMacedonia$zSec. 4.-3. a. C.$xCongressi$z1996$2BNCF 606 0 $aDipinti murali$yMagna Grecia$xCongressi$z1996 676 $a759.938 702 1$aPONTRANDOLFO,$bAngela 801 0$aIT$bsalbc$gISBD 912 $a990006151980203316 951 $a759.938 PIT$b1076 Crd.$c759$d00331291 959 $aBK 969 $aCRD 979 $aPAOLA$b90$c20160613$lUSA01$h1411 979 $aPAOLA$b90$c20160613$lUSA01$h1423 979 $aPAOLA$b90$c20160613$lUSA01$h1427 996 $aPittura parietale in Macedonia e Magna Grecia$988145 997 $aUNISA